Statistics for Taskmaster Quotes

Click here to take the quiz!

General Stats

  • This quiz has been taken 73 times
  • The average score is 12 of 24

Answer Stats

QuoteWho said that?% Correct
"Tree Wizard"Romesh Ranganathan
78%
"Please don't take it away from me"Joe Wilkinson
74%
"Do we strike you?"Bob Mortimer
72%
"You've got no chutzpah"Mike Wozniak
72%
"I better activate Jamali"Sarah Kendall
67%
"Have I met these potatoes before?"Fern Brady
62%
"I'm eye candy and admin"(Little) Alex Horne/Taskmaster's Assistant
60%
"A lime!"Phil Wang
60%
"Is there a duck on my face?"Judi Love
59%
"Only elephants and hippos have that kind of tail!"Daisy May-Cooper
55%
"That potato would've been all rim and bounced out"Doc Brown
55%
"You'd be able to just run up a tree to the moon"Greg Davies/Taskmaster
52%
"It stands for, 'Bicycle, my excellent bicycle'"Joe Thomas
50%
"Brace, brace, brace!"Jenny Eclair
48%
"One on the barge pole... for me"Kiell Smith-Bynoe
41%
"No, because I'm not trapped in a loveless marriage"Frankie Boyle
40%
"There is an imbalance in the poppability of the balloon"Guz Khan
40%
"It's a shame that my hands aren't my feet"
Katherine Parkinson
38%
"How much does water weigh?" / "How Heavy is the water?"Jessica Knappet/ Kiell Smith-Bynoe
34%
"Camouflage, camouflage, camouflage"Lolly Adefope
31%
"Guys, papa don't breach"Roisin Conaty
31%
"I guess the problem is that time only has two hands"Charlotte Ritchie
29%
"20 seconds to give a man a soul?"Alan Davies
19%
"I've panicked and opened a lemon up"Ed Gamble
16%

Score Distribution

Percentile by Number Answered

Percent of People with Each Score

Your Score History

You have not taken this quiz